|
|
|
|
| LEADER |
00952nab#a2200349#ar4500 |
| 001 |
000095366 |
| 003 |
SVKKK |
| 005 |
20090505111208.0 |
| 008 |
090224c1993 xo |||||||||||||||b|slo |
| FMT |
|
|
|
| 038 |
|
|
|a SVKKK
|
| 040 |
|
|
|a SVKKK
|b slo
|e AACR2
|
| 041 |
0 |
|
|a slo
|
| 044 |
|
|
|a xo
|c SK
|
| 080 |
|
|
|a 821.162.4-1
|2 1997
|
| 080 |
|
|
|a 929 Cubjak, Florián
|2 1997
|
| 100 |
1 |
|
|a Vytykáčová, Martina
|4 ivr
|4 aut
|
| 245 |
1 |
0 |
|a Nemám rád povrchnosť
|b techniku načim poznať aj pri verši
|c Martina Vytykáčová, Florián Cubjak
|
| 300 |
|
|
|b Obr.
|
| 600 |
1 |
4 |
|a Cubjak, Florián
|x básnik
|z Košice (Slovensko)
|x pôsobenie
|
| 655 |
# |
4 |
|a retrokonverzie
|
| 655 |
# |
4 |
|a biografie
|
| 700 |
1 |
|
|a Cubjak, Florián
|4 ive
|4 aut
|
| 773 |
0 |
|
|t Východoslovenské noviny Lúč
|g Roč. 2, č. 245 (20.10.1993), s. 6
|
| 957 |
|
|
|a Košice
|
| 958 |
|
|
|a RK
|
| 958 |
|
|
|a BX
|
| 974 |
|
|
|a Čr
|
| 992 |
|
|
|a RBX
|
| BAS |
|
|
|
| 852 |
|
|
|a SVKKK
|b BIB
|
| 998 |
|
|
|a REG
|